| 000 -LEADER |
| fixed length control field |
00606nam a22001577a 4500 |
| 005 - DATE AND TIME OF LATEST TRANSACTION |
| control field |
20231113120420.0 |
| 008 - FIXED-LENGTH DATA ELEMENTS--GENERAL INFORMATION |
| fixed length control field |
231113s1986 ru ||||| |||| 00| 0 rus d |
| 041 ## - LANGUAGE CODE |
| Language code of text/sound track or separate title |
rus |
| 080 ## - UNIVERSAL DECIMAL CLASSIFICATION NUMBER |
| Universal Decimal Classification number |
902(47+57)(091) П-68 |
| 100 ## - MAIN ENTRY--PERSONAL NAME |
| Personal name |
Пряхин, А. Д. |
| 9 (RLIN) |
20349 |
| 245 ## - TITLE STATEMENT |
| Title |
История советской археологии : |
| Remainder of title |
(1917-середина 30-х гг. ) / |
| Statement of responsibility, etc. |
Пряхин, А. Д. |
| 264 ## - PRODUCTION, PUBLICATION, DISTRIBUTION, MANUFACTURE, AND COPYRIGHT NOTICE |
| Place of production, publication, distribution, manufacture |
Воронеж : |
| Name of producer, publisher, distributor, manufacturer |
Издательство Воронежского университета, |
| Date of production, publication, distribution, manufacture, or copyright notice |
1986. |
| 300 ## - PHYSICAL DESCRIPTION |
| Extent |
284 стр.; |
| Other physical details |
21 см. |
| 653 ## - INDEX TERM--UNCONTROLLED |
| keyword |
არქეოლოგია |
| 942 ## - ADDED ENTRY ELEMENTS (KOHA) |
| Source of classification or shelving scheme |
|
| Koha item type |
წიგნი |